[Event "Reykjavik op"]
[Site "Reykjavik"]
[Date "2024.03.20"]
[Round "8"]
[White "Beyerle, Gregor"]
[Black "De Winter, Eric"]
[Result "1-0"]
[WhiteElo "1610"]
[BlackElo "1782"]
[PlyCount "57"]
[EventDate "2024.03.15"]
[EventType "swiss"]
[EventRounds "9"]
[EventCountry "ISL"]
[SourceTitle "CB13_2024"]
[SourceDate "2024.03.27"]
[SourceVersion "1"]
[SourceVersionDate "2024.03.27"]
[SourceQuality "1"]

1. d4 Nf6 2. c4 g6 3. Nc3 d5 4. cxd5 Nxd5 5. e4 Nxc3 6. bxc3 Bg7 7. Ba3 0-0 8. Bc4 Nc6 9. Nf3 Na5 10. Bd3 b6 11. 0-0 c5 12. dxc5 Bxc3 13. Rc1 Bg7 14. c6 Qc7 15. Qc2 Bg4 16. Ng5 Bc8 17. f4 h6 18. Nf3 Qxf4 19. Bxe7 Qe3+ 20. Kh1 Re8 21. Bb4 Be6 22. Bd2 Qc5 23. Qxc5 bxc5 24. Rxc5 Nxc6 25. Rxc6 Red8 26. Bc4 Bg4 27. Bd5 Rab8 28. Bc3 Bd7 29. Rxg6 1-0

[Event "Reykjavik op"]
[Site "Reykjavik"]
[Date "2024.03.19"]
[Round "7"]
[White "De Winter, Eric"]
[Black "Karlinder, Lovis Neo"]
[Result "1/2-1/2"]
[WhiteElo "1782"]
[BlackElo "1642"]
[PlyCount "31"]
[EventDate "2024.03.15"]
[EventType "swiss"]
[EventRounds "9"]
[EventCountry "ISL"]
[SourceTitle "CB13_2024"]
[SourceDate "2024.03.27"]
[SourceVersion "1"]
[SourceVersionDate "2024.03.27"]
[SourceQuality "1"]

1. Nf3 d5 2. d4 Nf6 3. c4 e6 4. Nc3 Be7 5. Bf4 c6 6. e3 0-0 7. Be2 dxc4 8. Bxc4 b5 9. Bd3 Bb7 10. 0-0 a6 11. Qe2 c5 12. dxc5 Bxc5 13. Rfd1 Qb6 14. Ne5 Nc6 15. Rac1 Rfd8 16. a3 1/2-1/2

[Event "Reykjavik op"]
[Site "Reykjavik"]
[Date "2024.03.17"]
[Round "4"]
[White "Jonsdottir, Katrin Maria"]
[Black "De Winter, Eric"]
[Result "1/2-1/2"]
[WhiteElo "1525"]
[BlackElo "1782"]
[PlyCount "50"]
[EventDate "2024.03.15"]
[EventType "swiss"]
[EventRounds "9"]
[EventCountry "ISL"]
[SourceTitle "CB13_2024"]
[SourceDate "2024.03.27"]
[SourceVersion "1"]
[SourceVersionDate "2024.03.27"]
[SourceQuality "1"]

1. e4 d6 2. Nf3 g6 3. d4 Bg7 4. Be3 Nf6 5. Nbd2 Ng4 6. h3 Nxe3 7. fxe3 0-0 8. Bc4 c6 9. Qe2 Nd7 10. 0-0-0 b5 11. Bb3 a6 12. g4 c5 13. a3 c4 14. Ba2 Qa5 15. Nb1 Bb7 16. Nfd2 Rac8 17. c3 e5 18. h4 h6 19. g5 h5 20. Rhf1 Qd8 21. Qg2 Qe7 22. Qe2 Nb6 23. Qg2 exd4 24. exd4 a5 25. Qe2 Rc7 1/2-1/2

[Event "Reykjavik op"]
[Site "Reykjavik"]
[Date "2023.04.01"]
[Round "6"]
[White "Langlois Remillard, Alexis"]
[Black "De Winter, Eric"]
[Result "1-0"]
[WhiteElo "2001"]
[BlackElo "1687"]
[PlyCount "63"]
[EventDate "2023.03.29"]
[EventType "swiss"]
[EventRounds "9"]
[EventCountry "ISL"]
[SourceTitle "CBM 213 Extra"]
[Source "ChessBase"]
[SourceDate "2023.05.31"]
[SourceVersion "1"]
[SourceVersionDate "2023.05.31"]
[SourceQuality "1"]

1. b3 e5 2. Bb2 Nc6 3. e3 Nf6 4. Bb5 d6 5. Nf3 Be7 6. d4 exd4 7. Nxd4 Bd7 8. Nxc6 bxc6 9. Bd3 d5 10. 0-0 Be6 11. Nd2 a5 12. a4 0-0 13. e4 dxe4 14. Nxe4 Bd5 15. Re1 Nxe4 16. Bxe4 f5 17. Bf3 Bf6 18. Bxf6 Rxf6 19. Re5 Rd6 20. Bxd5+ Rxd5 21. Qe2 h6 22. Rxd5 Qxd5 23. Rd1 Qf7 24. Qe5 Kh7 25. h3 f4 26. Rd3 Re8 27. Qxa5 Qf6 28. Qc3 Qe6 29. Rd4 Rf8 30. Qf3 Qe5 31. Qe4+ Qxe4 32. Rxe4 1-0

[Event "Reykjavik Kvika op"]
[Site "Reykjavik"]
[Date "2022.04.07"]
[Round "2"]
[White "De Winter, Eric"]
[Black "Rice, Christopher"]
[Result "0-1"]
[WhiteElo "1722"]
[BlackElo "1989"]
[PlyCount "56"]
[EventDate "2022.04.06"]
[EventType "swiss"]
[EventRounds "9"]
[EventCountry "ISL"]
[SourceTitle "CBM 207 Extra"]
[Source "ChessBase"]
[SourceDate "2022.05.31"]
[SourceVersion "1"]
[SourceVersionDate "2022.05.31"]
[SourceQuality "1"]

1. d4 Nf6 2. c4 g6 3. Nc3 Bg7 4. f3 0-0 5. e4 d6 6. Be3 Nc6 7. Qd2 a6 8. g4 Rb8 9. Be2 Bd7 10. g5 Ne8 11. h4 e5 12. d5 Nd4 13. h5 b5 14. hxg6 fxg6 15. cxb5 axb5 16. f4 b4 17. Bxd4 exd4 18. Nd1 Qe7 19. Bd3 c5 20. Qh2 Bh8 21. Nf2 Rc8 22. b3 Nc7 23. Ne2 Rf7 24. 0-0-0 Ra8 25. Kb1 Nb5 26. Bxb5 Bxb5 27. Ng4 Qxe4+ 28. Kc1 Rxa2 0-1

[Event "Reykjavik op"]
[Site "Reykjavik"]
[Date "2019.04.13"]
[Round "6"]
[White "Stoyanov, Viktor"]
[Black "De Winter, Eric"]
[Result "1-0"]
[WhiteElo "2238"]
[BlackElo "1741"]
[PlyCount "51"]
[EventDate "2019.04.08"]
[EventType "swiss"]
[EventRounds "9"]
[EventCountry "ISL"]
[SourceTitle "CBM 189 Extra"]
[Source "ChessBase"]
[SourceDate "2019.06.03"]
[SourceVersion "1"]
[SourceVersionDate "2019.06.03"]
[SourceQuality "1"]

1. c4 f5 2. Nc3 Nf6 3. Nf3 e6 4. g3 b6 5. Bg2 Bb7 6. 0-0 Be7 7. b3 0-0 8. Bb2 Qc8 9. d4 d6 10. Qc2 Ne4 11. Rad1 Nd7 12. d5 Nxc3 13. Bxc3 e5 14. Bh3 Nc5 15. Nd2 g6 16. e4 a5 17. f4 exf4 18. exf5 fxg3 19. Kg2 Qe8 20. Rde1 Bc8 21. hxg3 Bxf5 22. Bxf5 gxf5 23. Rxf5 Qd7 24. Rh5 Rf7 25. Qg6+ Kf8 26. Rxh7 1-0

[Event "Reykjavik op"]
[Site "Reykjavik"]
[Date "2018.03.11"]
[Round "6"]
[White "Jonsson, Gauti Pall"]
[Black "De Winter, Eric"]
[Result "1-0"]
[WhiteElo "2104"]
[BlackElo "1775"]
[PlyCount "37"]
[EventDate "2018.03.06"]
[EventType "swiss"]
[EventRounds "9"]
[EventCountry "ISL"]
[SourceTitle "CBM 183 Extra"]
[Source "ChessBase"]
[SourceDate "2018.04.19"]
[SourceVersion "1"]
[SourceVersionDate "2018.04.19"]
[SourceQuality "1"]

1. e4 c5 2. Nc3 Nc6 3. Bb5 g6 4. Bxc6 bxc6 5. f4 d6 6. Nf3 Bg7 7. 0-0 e6 8. d3 Ne7 9. Qe1 Rb8 10. e5 Nf5 11. Ne4 dxe5 12. fxe5 Bxe5 13. Nxe5 Qd4+ 14. Kh1 Qxe5 15. Bf4 Qxb2 16. Bxb8 Qxb8 17. Qc3 e5 18. Rab1 Qc7 19. Qxc5 1-0

[Event "Reykjavik op"]
[Site "Reykjavik"]
[Date "2018.03.06"]
[Round "1"]
[White "De Winter, Eric"]
[Black "Mancini, Pietro"]
[Result "1-0"]
[WhiteElo "1775"]
[BlackElo "1020"]
[PlyCount "73"]
[EventDate "2018.03.06"]
[EventType "swiss"]
[EventRounds "9"]
[EventCountry "ISL"]
[SourceTitle "CBM 183 Extra"]
[Source "ChessBase"]
[SourceDate "2018.04.19"]
[SourceVersion "1"]
[SourceVersionDate "2018.04.19"]
[SourceQuality "1"]

1. Nf3 d5 2. d4 Nf6 3. c4 c6 4. Nc3 Bf5 5. e3 e6 6. Qb3 Qc8 7. Be2 Bd6 8. Bd2 0-0 9. Rc1 Nbd7 10. cxd5 exd5 11. Nb5 Bc7 12. Nxc7 Qxc7 13. 0-0 Rab8 14. Qa3 Ra8 15. Bb4 Rfc8 16. Bd6 Qd8 17. Ne5 Nxe5 18. Bxe5 Qf8 19. Qxf8+ Rxf8 20. Bxf6 gxf6 21. Rc3 Rac8 22. Rfc1 Bd7 23. b4 b5 24. Ra3 Rc7 25. h3 Rb8 26. Kh2 Kg7 27. Kg3 f5 28. Kf4 Kf6 29. Ra6 Rb6 30. Ra3 h6 31. g4 fxg4 32. hxg4 Ke6 33. Rh1 Kd6 34. Rxh6+ Be6 35. Kg3 Kd7 36. f4 f5 37. Rh7+ 1-0

[Event "Reykjavik op"]
[Site "Reykjavik"]
[Date "2017.04.26"]
[Round "9"]
[White "De Winter, Eric"]
[Black "Tunge, Christian"]
[Result "0-1"]
[WhiteElo "1786"]
[BlackElo "2055"]
[PlyCount "46"]
[EventDate "2017.04.19"]
[EventType "swiss"]
[EventRounds "10"]
[EventCountry "ISL"]
[SourceTitle "CBM 178 Extra"]
[Source "ChessBase"]
[SourceDate "2017.06.22"]
[SourceVersion "1"]
[SourceVersionDate "2017.06.22"]
[SourceQuality "1"]

1. e4 c5 2. Nf3 d6 3. d4 Nf6 4. Nc3 cxd4 5. Nxd4 g6 6. Be2 Bg7 7. 0-0 0-0 8. Kh1 Nc6 9. Be3 d5 10. exd5 Nxd5 11. Nxd5 Qxd5 12. Bf3 Qc4 13. Be2 Qb4 14. a3 Qxb2 15. Rb1 Qxa3 16. Nb5 Qa5 17. Bf3 a6 18. Bxc6 bxc6 19. Nd4 Qd5 20. c4 Qe4 21. Nf3 Bg4 22. Nd2 Bxd1 23. Nxe4 Bc2 0-1

[Event "Reykjavik op"]
[Site "Reykjavik"]
[Date "2016.03.16"]
[Round "10"]
[White "De Winter, Eric"]
[Black "Davidsson, Oskar Vikingur"]
[Result "1/2-1/2"]
[WhiteElo "1808"]
[BlackElo "1628"]
[PlyCount "78"]
[EventDate "2016.03.08"]
[EventType "swiss"]
[EventRounds "10"]
[EventCountry "ISL"]
[SourceTitle "CBM 171 Extra"]
[Source "ChessBase"]
[SourceDate "2016.04.26"]
[SourceVersion "1"]
[SourceVersionDate "2016.04.26"]
[SourceQuality "1"]

1. Nf3 Nf6 2. c4 c5 3. Nc3 Nc6 4. d4 d6 5. dxc5 dxc5 6. Qxd8+ Nxd8 7. Nb5 Ne6 8. Ng5 Nxg5 9. Bxg5 Kd8 10. 0-0-0+ Bd7 11. Bxf6 gxf6 12. g3 a6 13. Nc3 e6 14. Bg2 Kc7 15. Bxb7 Ra7 16. Bg2 Be7 17. f4 f5 18. Rd2 Bc6 19. Bxc6 Kxc6 20. Rhd1 h5 21. e4 fxe4 22. Nxe4 h4 23. Kc2 hxg3 24. hxg3 Rg8 25. Rd3 Rg4 26. Nf2 Rg7 27. R1d2 Bf6 28. Rd6+ Kc7 29. Rd7+ Kb8 30. Rxa7 Kxa7 31. Ne4 Bd4 32. b4 Kb6 33. a4 Rg4 34. Rd3 f5 35. bxc5+ Bxc5 36. Rb3+ Kc6 37. Nf6 Rg6 38. Nh7 Be7 39. Re3 Kd6 1/2-1/2

[Event "Reykjavik op"]
[Site "Reykjavik"]
[Date "2016.03.13"]
[Round "7"]
[White "De Winter, Eric"]
[Black "Andersen, Niels Erik"]
[Result "0-1"]
[WhiteElo "1808"]
[BlackElo "1947"]
[PlyCount "124"]
[EventDate "2016.03.08"]
[EventType "swiss"]
[EventRounds "10"]
[EventCountry "ISL"]
[SourceTitle "CBM 171 Extra"]
[Source "ChessBase"]
[SourceDate "2016.04.26"]
[SourceVersion "1"]
[SourceVersionDate "2016.04.26"]
[SourceQuality "1"]

1. Nf3 Nf6 2. c4 c5 3. Nc3 Nc6 4. g3 g6 5. Bg2 Bg7 6. 0-0 0-0 7. d4 cxd4 8. Nxd4 Nxd4 9. Qxd4 d6 10. Qd2 Qc7 11. b3 Rb8 12. Bb2 Qa5 13. Rad1 Qh5 14. Nd5 Nxd5 15. Bxg7 Kxg7 16. Bxd5 Qe5 17. Bg2 b6 18. Qd4 Qxd4 19. Rxd4 Be6 20. Rfd1 Rfc8 21. Bd5 Bxd5 22. Rxd5 Rc5 23. Kg2 Kf6 24. a4 Rbc8 25. R5d4 a6 26. R1d3 Re5 27. e3 g5 28. h4 h6 29. hxg5+ hxg5 30. Rd1 Kg6 31. g4 Rec5 32. Re4 Kf6 33. Rh1 e6 34. Rd4 Ke7 35. Rhd1 R8c6 36. f4 b5 37. axb5 axb5 38. cxb5 Rxb5 39. R4d3 gxf4 40. exf4 Rcb6 41. Rb1 d5 42. g5 Rb4 43. Kg3 R6b5 44. Rc3 Kd7 45. Kf3 Rb8 46. Kg3 R8b7 47. Kf3 Rd4 48. Ra1 Rdb4 49. Rb1 Kd6 50. Kg3 d4 51. Rd3 Kd5 52. Kg4 Ke4 53. Rbd1 R7b5 54. R3d2 Kd5 55. Rd3 Rc5 56. Re1 Rc3 57. Re5+ Kc6 58. Rh3 Rbxb3 59. Rh1 Rb5 60. Re4 Rd5 61. Ra1 d3 62. g6 f5+ 0-1

[Event "Reykjavik op"]
[Site "Reykjavik"]
[Date "2016.03.10"]
[Round "4"]
[White "Carlsen, Henrik"]
[Black "De Winter, Eric"]
[Result "1-0"]
[WhiteElo "2011"]
[BlackElo "1808"]
[PlyCount "83"]
[EventDate "2016.03.08"]
[EventType "swiss"]
[EventRounds "10"]
[EventCountry "ISL"]
[SourceTitle "CBM 171 Extra"]
[Source "ChessBase"]
[SourceDate "2016.04.26"]
[SourceVersion "1"]
[SourceVersionDate "2016.04.26"]
[SourceQuality "1"]

1. e4 g6 2. f4 d6 3. Nf3 Bg7 4. Bc4 c5 5. c3 Nc6 6. 0-0 Nf6 7. e5 Nh5 8. g4 d5 9. f5 dxc4 10. d4 cxd3 11. gxh5 Bxf5 12. Qe1 Qd5 13. Bf4 h6 14. hxg6 fxg6 15. Nbd2 e6 16. Qe3 0-0-0 17. c4 Qd7 18. Qxc5 Bf8 19. Qf2 Nd4 20. Be3 Nc2 21. Bxa7 Nxa1 22. Rxa1 Bb4 23. a3 Bxd2 24. Nxd2 Bh3 25. Qe3 Bf5 26. b4 g5 27. b5 g4 28. Bb6 Rdg8 29. Qc5+ Kb8 30. Qb4 g3 31. h3 Rd8 32. Qa5 Qd4+ 33. Bxd4 Rxd4 34. b6 Rdd8 35. Qa7+ Kc8 36. Qa8+ Kd7 37. Qxb7+ Ke8 38. Qc6+ Ke7 39. b7 Rhe8 40. Rb1 Rb8 41. Qd6+ Kf7 42. c5 1-0

[Event "Reykjavik op"]
[Site "Reykjavik"]
[Date "2014.03.05"]
[Round "2"]
[White "De Winter, Eric"]
[Black "Robson, Paul E"]
[Result "1/2-1/2"]
[WhiteElo "1804"]
[BlackElo "1915"]
[PlyCount "122"]
[EventDate "2014.03.04"]
[EventType "swiss"]
[EventRounds "10"]
[EventCountry "ISL"]
[SourceTitle "CBM 159 Extra"]
[Source "ChessBase"]
[SourceDate "2014.04.24"]
[SourceVersion "1"]
[SourceVersionDate "2014.04.24"]
[SourceQuality "1"]

1. Nf3 g6 2. d4 Bg7 3. e4 c5 4. c3 cxd4 5. cxd4 d5 6. e5 Bg4 7. Be2 Nc6 8. Nc3 e6 9. Be3 Bxf3 10. Bxf3 Nh6 11. g4 Ng8 12. g5 Nge7 13. Qa4 Nf5 14. h4 Qb6 15. 0-0-0 Bf8 16. Bxd5 0-0-0 17. Bxc6 bxc6 18. Rd3 h6 19. Ne4 Qb5 20. Qxb5 cxb5 21. Rc3+ Kb8 22. Kb1 Nxd4 23. Rd1 Nc6 24. Rxd8+ Nxd8 25. Nf6 hxg5 26. Nd7+ Kb7 27. Bxg5 Nc6 28. Rf3 Rh7 29. Nxf8 Nxe5 30. Nxh7 Nxf3 31. Nf6 Kc6 32. Kc2 Kd6 33. Kd3 Ne5+ 34. Ke4 Nc4 35. b3 Na5 36. Bd2 Nc6 37. h5 gxh5 38. Nxh5 f5+ 39. Kd3 e5 40. Ng7 f4 41. Nf5+ Kd5 42. f3 a5 43. a3 a4 44. b4 Nd8 45. Ne7+ Kd6 46. Ng6 Nf7 47. Bc3 Kd5 48. Ne7+ Kd6 49. Ng6 Kd5 50. Bb2 Ke6 51. Bc1 Ng5 52. Bxf4 exf4 53. Nxf4+ Kd6 54. Ke3 Nf7 55. Nd3 Kd5 56. Nb2 Ne5 57. f4 Ng4+ 58. Kd3 Nf2+ 59. Ke2 Ne4 60. Kd3 Nf2+ 61. Ke3 Ng4+ 1/2-1/2

[Event "Reykjavik op"]
[Site "Reykjavik"]
[Date "2014.03.05"]
[Round "3"]
[White "Zhang, Fan"]
[Black "De Winter, Eric"]
[Result "1-0"]
[WhiteElo "2104"]
[BlackElo "1804"]
[PlyCount "87"]
[EventDate "2014.03.04"]
[EventType "swiss"]
[EventRounds "10"]
[EventCountry "ISL"]
[SourceTitle "CBM 159 Extra"]
[Source "ChessBase"]
[SourceDate "2014.04.24"]
[SourceVersion "1"]
[SourceVersionDate "2014.04.24"]
[SourceQuality "1"]

1. d4 Nf6 2. Bg5 e6 3. e4 Be7 4. Nd2 b6 5. Ngf3 Bb7 6. Bd3 d5 7. e5 Ne4 8. Bxe7 Qxe7 9. c3 Nxd2 10. Qxd2 Nd7 11. a3 a5 12. Qf4 h6 13. Qg4 0-0-0 14. Nd2 f5 15. Qe2 Nb8 16. b4 axb4 17. cxb4 Kd7 18. 0-0 Ke8 19. Rfc1 Kf7 20. Qh5+ g6 21. Qe2 Rc8 22. Nb3 Nd7 23. Qe3 Kg7 24. Rc3 c6 25. Qc1 Rc7 26. Ra2 Rhc8 27. Rac2 g5 28. Bb5 Nb8 29. Ba4 Kg6 30. b5 g4 31. bxc6 Ba6 32. Nd2 b5 33. Bb3 b4 34. Rc5 bxa3 35. Ba4 Be2 36. Qxa3 Rxc6 37. Bxc6 Rxc6 38. Qc3 Rb6 39. h3 gxh3 40. gxh3 Nd7 41. Rc7 Ra6 42. Qg3+ Kf7 43. Rc8 Ra1+ 44. Kh2 1-0

[Event "Reykjavik op"]
[Site "Reykjavik"]
[Date "2013.02.25"]
[Round "8"]
[White "De Winter, Eric"]
[Black "Johannesson, Oliver Aron"]
[Result "1/2-1/2"]
[WhiteElo "1823"]
[BlackElo "1988"]
[PlyCount "101"]
[EventDate "2013.02.19"]
[EventType "swiss"]
[EventRounds "10"]
[EventCountry "ISL"]
[SourceTitle "CBM 153 Extra"]
[Source "ChessBase"]
[SourceDate "2013.04.22"]
[SourceVersion "1"]
[SourceVersionDate "2013.04.22"]
[SourceQuality "1"]

1. e4 c5 2. Nf3 e6 3. c3 Nf6 4. e5 Nd5 5. d4 cxd4 6. cxd4 d6 7. Bb5+ Bd7 8. Bxd7+ Qxd7 9. 0-0 Nc6 10. Re1 Rc8 11. a3 Be7 12. Nbd2 dxe5 13. dxe5 Qc7 14. Nf1 0-0 15. Bg5 Bxg5 16. Nxg5 Nxe5 17. Nxh7 Kxh7 18. Qh5+ Kg8 19. Qxe5 Qxe5 20. Rxe5 Rc2 21. Rb1 Rfc8 22. Ree1 b6 23. g3 a5 24. Ne3 Nxe3 25. Rxe3 Rd2 26. b4 a4 27. Kg2 Rcc2 28. Rf1 Kf8 29. g4 Ke7 30. g5 g6 31. h4 Rc4 32. Kg3 Rb2 33. Rd1 Rcc2 34. Rf3 Rb3 35. Rdd3 Rcb2 36. Rfe3 Rxd3 37. Rxd3 Rb3 38. Re3 Kd6 39. Kf4 Kd5 40. Re5+ Kc4 41. Re4+ Kc3 42. Ke5 Kb2 43. f4 Rxa3 44. Kf6 Rc3 45. Kxf7 a3 46. Kxg6 a2 47. Re2+ Rc2 48. Re1 b5 49. h5 Rc1 50. Re2+ Rc2 51. Re1 1/2-1/2

[Event "Reykjavik op"]
[Site "Reykjavik"]
[Date "2013.02.23"]
[Round "6"]
[White "De Winter, Eric"]
[Black "Heerd, Thomas"]
[Result "0-1"]
[WhiteElo "1823"]
[BlackElo "2053"]
[PlyCount "94"]
[EventDate "2013.02.19"]
[EventType "swiss"]
[EventRounds "10"]
[EventCountry "ISL"]
[SourceTitle "CBM 153 Extra"]
[Source "ChessBase"]
[SourceDate "2013.04.22"]
[SourceVersion "1"]
[SourceVersionDate "2013.04.22"]
[SourceQuality "1"]

1. g3 Nf6 2. Bg2 g6 3. d4 Bg7 4. Nf3 0-0 5. c4 d6 6. 0-0 Nbd7 7. Nc3 e5 8. e4 c6 9. h3 Qe7 10. d5 c5 11. Rb1 Ne8 12. a3 h6 13. b4 a6 14. Nh4 Kh7 15. Qd3 Nc7 16. Be3 b6 17. Rbe1 Bb7 18. bxc5 Nxc5 19. Bxc5 bxc5 20. Rb1 Ra7 21. Kh2 Qd8 22. Nd1 Na8 23. Ne3 Nb6 24. Rb3 Bc8 25. Rfb1 Nd7 26. Nf3 Rc7 27. Nd2 h5 28. h4 Nf6 29. Bh3 Bxh3 30. Kxh3 Bh6 31. Kg2 Bxe3 32. Qxe3 Ng4 33. Qe2 f5 34. Rb7 f4 35. Rxc7+ Qxc7 36. Nf3 Kg8 37. gxf4 Rxf4 38. Rb3 Rf8 39. Qd2 Qd7 40. Qg5 Kg7 41. Rb2 Rf4 42. Nh2 Nxh2 43. Kxh2 Rg4 44. Qe3 Rxh4+ 45. Kg1 Qg4+ 46. Qg3 Qd1+ 47. Kg2 Qh1# 0-1